Zoznam dokumentov Medzinárodného zváračského inštitútu - IIW vypracovaných v roku 2003 2. časť

Bibliographic Details
Main Author: Mráz, Ľuboš, 1935- (Author)
Format: Article
Language:Slovak
ISSN:0044-5525
Subjects:

MARC

LEADER 00000nab a2200000 a 4500
001 vtls000874570
003 SK-MaSNL
005 20260304121540.0
008 250429c2004 xo 0 slo
015 |a SNBRB2004/06-16866 
035 |a CLN000226122 
035 |a urn:nbn:sk:snk-ab6ojh 
035 |a (uuid)e06a9242-40aa-4afd-9205-209c5d5966eb 
035 |a (urnnbn)urn:nbn:sk:snk:ar-005oud 
035 |a (sysno)vtls000874570 
040 |a SNKBUCL  |b slo  |c SNKBUCL  |e AACR2 
041 0 |a slo 
044 |a xo  |c SK 
080 |a 621.791:061.231(100)  |2 1997 
100 1 |a Mráz, Ľuboš,  |d 1935-  |4 aut  |9 103961 
245 1 0 |a Zoznam dokumentov Medzinárodného zváračského inštitútu - IIW vypracovaných v roku 2003  |n 2. časť  |c Ľuboš Mráz 
610 2 7 |a Medzinárodný zváračský inštitút  |2 snkbucl  |9 21630 
655 7 |a články z novín a časopisov  |2 snkbucl  |9 267496 
773 0 |t Zváranie = Svařování  |g Roč. 53, č. 2 (2004), s. 48  |x 0044-5525 
850 |a Slovenská národná knižnica 
852 |a Slovenská národná knižnica 
954 |a odborná, vedecká literatúra pôvodná (slovenská)  |2 lita 
958 |a article 
958 |a OND 
958 |a NB 
958 |a EUIPO 
992 |a RBX 
999 |c 2885656  |d 2887586